| 000 | nam a22 7a 4500 | ||
|---|---|---|---|
| 999 |
_c50659 _d50659 |
||
| 005 | 20260430081621.0 | ||
| 008 | 260430b ||||| |||| 00| 0 spa d | ||
| 040 |
_aCO-NeUS _bspa _erda |
||
| 041 | _aspa | ||
| 245 | 1 | 0 |
_aInterpretación de pruebas de interferencia vertical para zonas de diferente permeabilidad / _cIngris Astrid Mendoza Vidarte; Director |
| 082 | 0 | 4 |
_221 _aTh MIP 07 |
| 942 |
_2Local _cCD _hTh MIP 07 _kTh |
||